000 00727nam a22002177a 4500
003 KOHA_MİRAKIL
005 20260415083651.0
008 260415b tu ||||| |||| 00| 0 tur d
020 _a9786054561322
040 _aTR-AnABB
_btur
_cTR-AnABB
041 _atur
082 _a307.12
_bGOK 2014
100 1 _aGökçe, Birsen
245 1 0 _aFırat'ın gözyaşları umudun adı : Halfeti :
_byeniden yerleşim hikayesi Birecik Barajı /
_cBirsen Gökçe
260 _aSivas :
_bCumhuriyet Üniversitesi,
_c2014
300 _a304 sayfa ;
_c20 cm
490 0 _aCumhuriyet Üniversitesi Yayınları ;
_vNo: 154
650 0 4 _aBölgesel Kalkınma, Türkiye
650 0 4 _aBölgesel planlama
942 _2ddc
_cBK
999 _c10248
_d10248
900 _bCan ÇELIK